000 00665nam a2200253Ia 4500
003 OSt
005 20220918163356.0
006 a|||||r|||| 00| 0
007 ta
008 220917b |||||||| |||| 00| 0 eng d
020 _a0 7069 0651 9
024 _a33,181
037 _cTextual
040 _aARTS
_cARTS
_beng
041 _2eng
_aeng
082 _aO111,3NVA,1, L8
100 _aVasudev Uma
_912820
245 0 _aSong of Anasuya
_b a novel
260 _aNew Delhi
_bVikas India
_c1978
300 _aviii,174p.
_ccm.
650 _aENGLISH LITERATURE
942 _hO111,3NVA,1, L8
_cTEXL
_2CC
999 _c119243
_d119243